| 000 | 01290nam a2200337 i 4500 | ||
|---|---|---|---|
| 001 | bl2021028350 | ||
| 003 | OSt | ||
| 005 | 20260113054653.0 | ||
| 008 | 211109r20211998onc 000 1 eng d | ||
| 010 | _abl2021028350 | ||
| 020 | _a9780778311263 | ||
| 040 |
_aNjBwBT _beng _cNjBwBT _erda |
||
| 100 | 1 |
_aMacomber, Debbie, _eauthor. |
|
| 245 | 1 | 4 |
_aThe perfect Christmas / _cDebbie Macomber. |
| 264 | 1 |
_aToronto, Ontario, Canada : _bMira, _c2021. |
|
| 300 |
_a298 pages ; _c17 cm. |
||
| 336 |
_atext _2rdacontent. |
||
| 337 |
_aunmediated _2rdamedia. |
||
| 338 |
_avolume _2rdacarrier. |
||
| 500 | _aFirst work originally published: Don Mills, Ont. : Mira Books, c2009. Second work originally published: Don Mills, Ont. : Mira, 1998. | ||
| 505 | 0 | _aThe perfect Christmas -- Can this be Christmas? | |
| 520 | _aTired of being single, Cassie Beaumont, who longs for a husband and kids, hires professional matchmaker Simon Dodson who assigns her three tasks to complete before she meets her perfect match. | ||
| 650 | 0 |
_aDating services _vFiction. |
|
| 655 | 0 | _aChristmas fiction. | |
| 655 | 0 | _aRomance fiction. | |
| 655 | 0 | _aNovels. | |
| 700 | 1 | 2 |
_aMacomber, Debbie. _tCan this be Christmas? |
| 730 |
_aNovels. _kSelections. |
||
| 740 | 0 | 2 | _aCan this be Christmas? |
| 942 | _cBK | ||
| 999 |
_c31529 _d31527 |
||